Dinosaurs / (Record no. 173)
[ view plain ]
| 000 -LEADER | |
|---|---|
| fixed length control field | 00940nam a22003137a 4500 |
| 001 - CONTROL NUMBER | |
| control field | 173 |
| 003 - CONTROL NUMBER IDENTIFIER | |
| control field | FISKH |
| 005 - DATE AND TIME OF LATEST TRANSACTION | |
| control field | 20250805102758.0 |
| 008 - FIXED-LENGTH DATA ELEMENTS--GENERAL INFORMATION | |
| fixed length control field | |
| 020 ## - INTERNATIONAL STANDARD BOOK NUMBER | |
| International Standard Book Number | 9780439451604 |
| 040 ## - CATALOGING SOURCE | |
| Original cataloging agency | DLC |
| Transcribing agency | DLC |
| Modifying agency | DLC |
| -- | FISKH |
| Language of cataloging | eng |
| 050 00 - LIBRARY OF CONGRESS CALL NUMBER | |
| Classification number | QE861.5 |
| Item number | .M33 2001 |
| 082 00 - DEWEY DECIMAL CLASSIFICATION NUMBER | |
| Classification number | 567.9 |
| Edition number | 21 |
| 100 1# - MAIN ENTRY--PERSONAL NAME | |
| Personal name | Maccarone, Grace. |
| 245 10 - TITLE STATEMENT | |
| Title | Dinosaurs / |
| Statement of responsibility, etc. | by Grace Maccarone ; illustrated by Richard Courtney. |
| 260 ## - PUBLICATION, DISTRIBUTION, ETC. | |
| Place of publication, distribution, etc. | New York |
| Name of publisher, distributor, etc. | Scholastic |
| Date of publication, distribution, etc. | 2001. |
| 300 ## - PHYSICAL DESCRIPTION | |
| Extent | 32 p. |
| Other physical details | col. ill. |
| Dimensions | 23 cm. |
| 490 1# - SERIES STATEMENT | |
| Series statement | Hello reader! Science |
| Volume/sequential designation | Level 2 |
| 500 ## - GENERAL NOTE | |
| General note | "Cartwheel books." |
| 520 ## - SUMMARY, ETC. | |
| Summary, etc. | Simple text and illustrations present different kinds of dinosaurs. |
| 521 2# - TARGET AUDIENCE NOTE | |
| Target audience note | 240 |
| Source | Lexile |
| 521 2# - TARGET AUDIENCE NOTE | |
| Target audience note | D |
| Source | Raz-Plus |
| 650 #0 - SUBJECT ADDED ENTRY--TOPICAL TERM | |
| Topical term or geographic name entry element | Dinosaurs |
| Form subdivision | Juvenile literature. |
| 650 #1 - SUBJECT ADDED ENTRY--TOPICAL TERM | |
| Topical term or geographic name entry element | Dinosaurs. |
| 700 1# - ADDED ENTRY--PERSONAL NAME | |
| Personal name | Courtney, Richard, |
| Dates associated with a name | 1955- |
| Relator term | ill. |
| 830 #0 - SERIES ADDED ENTRY--UNIFORM TITLE | |
| Uniform title | Hello science reader! |
| Number of part/section of a work | Level 2. |
| 906 ## - LOCAL DATA ELEMENT F, LDF (RLIN) | |
| a | 7 |
| b | cbc |
| c | orignew |
| d | 1 |
| e | ocip |
| f | 20 |
| g | y-gencatlg |
| 942 ## - ADDED ENTRY ELEMENTS (KOHA) | |
| Source of classification or shelving scheme | Dewey Decimal Classification |
| Koha item type | Books |
| Suppress in OPAC | No |
| Withdrawn status | Lost status | Source of classification or shelving scheme | Damaged status | Not for loan | Collection | Home library | Current library | Shelving location | Date acquired | Total Checkouts | Full call number | Barcode | Date last seen | Date last checked out | Copy number | Price effective from | Koha item type |
|---|---|---|---|---|---|---|---|---|---|---|---|---|---|---|---|---|---|
| Dewey Decimal Classification | Non-Fiction | Footprints International School Library Network Toul Kork Campus | Footprints International School Library Network Toul Kork Campus | TK Primary Library Room(4th Floor), Bookcase 7, Shelves 57-60, Dark Green Books | 03/01/2023 | 5 | MAC 567.9 QE861.M33 | FISTK00741 | 02/10/2026 | 02/03/2026 | 1 | 03/01/2023 | Books | ||||
| Dewey Decimal Classification | Non-Fiction | Footprints International School Library Network Toul Kork Campus | Footprints International School Library Network Toul Kork Campus | TK Primary Library Room(4th Floor), Bookcase 7, Shelves 57-60, Dark Green Books | 03/01/2023 | 2 | MAC 567.9 QE861.M33 | FISBK05674 | 08/21/2024 | 08/21/2024 | 2 | 03/01/2023 | Books | ||||
| Dewey Decimal Classification | Non-Fiction | Footprints International School Library Network Toul Tom Poung Campus | Footprints International School Library Network Toul Tom Poung Campus | TTP Primary Green Bookshelves | 08/05/2025 | 1 | MAC 567.9 QE861.M33 | FIS02130 | 11/10/2025 | 10/24/2025 | 3 | 08/05/2025 | Books |
